|
|
|
|
| LEADER |
01074nam a22002537a 4500 |
| 001 |
34919 |
| 003 |
BD-DhAAL |
| 005 |
20230207163033.0 |
| 008 |
190724t2011 bg ||||| |||| 00| 0 ben d |
| 020 |
|
|
|a 9789843325082
|
| 082 |
|
|
|a 954.9205
|2 23
|
| 245 |
|
|
|a মুক্তিযুদ্ধের কবিতা /
|c আহসান সাব্বির সম্পাদিত
|
| 246 |
|
|
|a Muktijudder kobita
|
| 260 |
|
|
|a ঢাকা :
|b গদ্যপদ্য,
|c ২০১১
|
| 300 |
|
|
|a ৭২ পৃষ্ঠা ;
|c ২২ সে.মি.
|
| 526 |
|
|
|a Residential Campus
|
| 541 |
|
|
|a Development Book Agency
|e 34919
|
| 650 |
|
|
|a Bengali literature.
|
| 651 |
|
|
|a Bangladesh
|x History
|y Revolution, 1971.
|9 33114
|
| 700 |
|
|
|a সাব্বির, আহসান
|9 33115
|
| 852 |
|
|
|a Savar Campus Library
|c General Stacks
|
| 942 |
|
|
|2 ddc
|c BK
|
| 999 |
|
|
|c 40990
|d 40990
|
| 952 |
|
|
|0 0
|1 0
|2 ddc
|4 0
|6 954_920500000000000_MUK
|7 0
|9 65765
|a SCL
|b SCL
|c GEN
|d 2019-07-17
|e Development Book Agency
|g 105.00
|l 1
|m 1
|o 954.9205 MUK
|p 3020034919
|r 2022-12-15
|s 2022-12-04
|t 1
|v 105.00
|w 2019-07-17
|y BK
|